000 01576nam0a2200337 4500
001 RU\NLR\bibl\608302
005 20260406041302.0
010 _a5-352-00688-3
_bв пер.
_95000
021 _aRU
_b2004-40610
_92015
035 _aRSL-KNO-002453107
035 _a(NLR Aleph) 000600214
090 _a1767324
_c1767324
100 _a20040712d2004 |||y0rusy50 ca
101 1 _arus
_ceng
102 _aRU
105 _ay |||||||||
106 _ar
200 1 _aАтака Боло
_e[роман]
_fУильям Кейт
_g[Пер. с англ. Юрия Балаяна]
210 _aСПб.
_cАзбука-классика
_d2004
_eГИПК Лениздат
215 _a378, [2] с.
_d21
225 1 _aЗвездный десант
610 0 _aФилологические науки. Художественная литература -- США -- Американская литература -- с 1945 г. -- Произведения художественной литературы -- Художественная проза -- Романы. Повести. Рассказы -- Фантастические и мистические романы, повести, рассказы. Романы ужасов
686 _aШ5(7США)62-644.5
_2rubbk
686 _aШ6(7США)67-445{Лх1979-62}
700 1 _4070
_8rus
_7ca
_aКейт
_bУ. Х.
_cмл.
_gУильям Х.
_3RU\NLR\auth\771702
_9111722
801 0 _aRU
_bRuMoRKP
_c20040712
_grcr
801 1 _aRU
_bRuMoRGB
_c20040712
801 2 _aRU
_bNLR
_c20050210
_gPSBO
942 _cBOOK
980 _aNB